000 01418naa a22003977a 4500
001 BR7406322
003 BR-BrBNA
005 20240918173706.0
007 ta
008 230509b bl.||||| |||| 00| 0 por d
040 _aBR-BrBNA
_bpor
_cBiblioteca Nacional de Agricultura
041 _a(Pt)
072 _aF00
_b2120
090 _aF00 BR7406322
100 1 _aVelloso, M.H.
100 1 _aSartori, R.S.
100 1 _aSouza, D.D.
100 1 _aMcNeill, H.W.
100 1 _aScarabucci, R.R.
100 1 _aJino, M.
100 1 _aNegri, P.G.
100 1 _aWalter, F.
100 1 _aMuzzio, J.L.R.
100 1 _aSouza, A.G.
100 1 _aValerio Filho, M.
111 1 _a2. Congresso Brasileiro sobre Pesquisas Cafeeiras
_cPocos de Caldas, MG (Brazil)
_d10 Sep 1974
245 1 _aDesenvolvimento de um sistema automatico de inventario cafeeiro [aerofotogrametria]
260 3 _aRio de Janeiro, GB (Brasil):
_c1974.
500 _aResumos dos trabalhos apresentados no 2. Congresso Brasileiro sobre Pesquisas Cafeeiras Rio de Janeiro, GB (Brasil): 1974. p. 345-346 (BR7406322-AM)F00
650 _aCAFE
650 _aAEROFOTOGRAMETRIA
650 _aFOTOINTERPRETACAO
773 0 _tResumos dos trabalhos apresentados no 2. Congresso Brasileiro sobre Pesquisas Cafeeiras
_wF00 BR7406322
_gRio de Janeiro, GB (Brasil), 1974. p. 345-346
909 _a202404
_bLucia
_c55
_dLucia Elande
942 _cAM
_2AGRIS
999 _c306225
_d306225